000
00255nam a2200109Ia 4500
008
220204s9999 xx 000 0 und d
082
_a
82-3MB
_b
LYN
100
_a
Suzanne
245
0
_a
Beloved Viking
260
_a
London
_b
Mills and Boon
_c
1976
942
_c
BK
999
_c
33167
_d
33167